000 00306nam a22001337a 4500
008 170511b xxu||||| |||| 00| 0 eng d
020 _a9780820524917
041 _aeng
080 _a34
100 _a15
101 _aSHJ
245 _aBASIC CORPORATE SHREHOLDER TAXATION
_cBROWN.W.J
942 _2udc
_cBK
999 _c13095
_d13095